| 000 | 00663nam a2200217 a 4500 | ||
|---|---|---|---|
| 999 |
_c10083 _d10083 |
||
| 001 | 10083 | ||
| 003 | BD-JhCC | ||
| 005 | 20180417094145.0 | ||
| 008 | 180417s1973 bg |||| ||a| 000 0 ben d | ||
| 035 | _a(BD-JhCC)10083 | ||
| 040 |
_aBD-JhCC _dBD-JhCC |
||
| 041 | _aben | ||
| 082 |
_a909 _bBRA 1973 |
||
| 100 | _aব্রাইসন, লিম্যান | ||
| 245 |
_aআধুনিক জগৎ ও মানবজ্ঞান / _cলিম্যান ব্রাইসন, |
||
| 260 |
_aঢাকা : _bবাংলা একাডেমী, _c1973 |
||
| 300 |
_a648 p. : _c22 cm. |
||
| 650 | _aWorld, Modern | ||
| 942 |
_2ddc _cBK |
||